00916cpcaa22002657a 4500001001300000003000400013005001700017008004100034010001700075040002400092072001200116100003300128245004700161300001400208506002200222533004600244545009600290546003600386580005700422656003000479656002100509656005500530656004800585999001700633mm 80002351 DLC20260227111700.0800129|||||||||||| eng  amm 80002351  aDLCcDLCedacsdDLC 7aW2lcmd1 aWindom, William,d1827-1891.00aWilliam Windom correspondence,f1865-1873. a3fitems.0 aOpen to research. aIn part, typewritten transcript.b[S.l.].0 aU.S. senator and representative from Minnesota, U.S. secretary of the treasury, and lawyer. aCollection material in English. aForms part of: Miscellaneous Manuscripts collection. 7aCabinet officers.2itoamc 7aLawyers.2itoamc 7aRepresentatives, U.S. CongresszMinnesota.2itoamc 7aSenators, U.S. CongresszMinnesota.2itoamc c42556d42556